| 000 | 01100cam a22003133a 4500 | ||
|---|---|---|---|
| 001 | 23577 | ||
| 003 | PGUSA | ||
| 005 | 20140828083513.0 | ||
| 008 | 071121s2007||||xxu|||||s|||||000 1 eng d | ||
| 040 |
_aPGUSA _beng |
||
| 042 | _adc | ||
| 050 | 4 | _aPZ | |
| 100 | 1 |
_aKingston, William Henry Giles, _d1814-1880 |
|
| 245 | 1 | 0 |
_aTaking Tales : _bInstructive and Entertaining Reading _h[electronic resource] / _cWilliam Henry Giles Kingston |
| 260 |
_bProject Gutenberg, _c2007 |
||
| 506 | _aPublic domain in the USA. | ||
| 516 | _aElectronic text | ||
| 653 | _aShipwrecks -- Juvenile fiction | ||
| 653 | _aGreat Britain. Royal Navy -- Juvenile fiction | ||
| 653 | _aSeafaring life -- Juvenile fiction | ||
| 653 | _aOrphans -- Juvenile fiction | ||
| 653 | _aVoyages and travels -- Juvenile fiction | ||
| 653 | _aFishers -- England -- Juvenile fiction | ||
| 653 | _aEngland -- Social conditions -- 19th century -- Juvenile fiction | ||
| 653 | _aMissing children -- Juvenile fiction | ||
| 830 | 0 |
_aProject Gutenberg _v23577 |
|
| 856 | 4 | 0 | _uhttp://www.gutenberg.org/ebooks/23577 |
| 942 | _cEB | ||
| 999 |
_c252832 _d252832 |
||